000 00555nam a22002057a 4500
005 20170706141811.0
008 170706b xxu||||| |||| 00| 0 eng d
020 _a9788173141805
_c₹ 295.00
040 _aLoreto College
041 _aEnglish
082 _a658.409
_bFER
100 _aFerguson,Penny
245 _aThe living leader
_cPenny Ferguson
_bbecome the leader you want to be
260 _aNew Delhi
_bResearch Press
_c2008
300 _a177p.
_b22cm.
504 _aIncludes index
650 _aLeadership
850 _aLCLIB
942 _cBK
999 _c41128
_d91607